Китайские мифы (Запись № 12787718)

Подробности
000 -МАРКЕР
контрольное поле 02539nam0a2200421 4500
001 - ИДЕНТИФИКАТОР ЗАПИСИ
контрольное поле RU\NLR\BIBL_A\022114430
005 - ИДЕНТИФИКАТОР ВЕРСИИ
контрольное поле 20240209152223.0
010 ## - МЕЖДУНАРОДНЫЙ СТАНДАРТНЫЙ НОМЕР КНИГИ (ISBN)
Номер (ISBN) 978-5-00214-224-8
Тираж 18000
021 ## - НОМЕР ГОСУДАРСТВЕННОЙ РЕГИСТРАЦИИ
Код страны Российская Федерация
Номер КН-П-23-080514
Номер Листа государственной регистраци КН-П-23-8165
035 ## - ДРУГИЕ СИСТЕМНЫЕ НОМЕРА
Идентификатор записи (NLR Aleph) 022114430
035 ## - ДРУГИЕ СИСТЕМНЫЕ НОМЕРА
Идентификатор записи (RuMoRGB)012414517
100 ## - ДАННЫЕ ОБЩЕЙ ОБРАБОТКИ
Данные общей обработки 20240123d2023 k y0rusy50 ca
101 1# - ЯЗЫК РЕСУРСА
Язык текста, звукозаписи и т.д. русский
Язык оригинала английский
102 ## - СТРАНА ПУБЛИКАЦИИ ИЛИ ПРОИЗВОДСТВА
Страна публикации Российская Федерация
105 ## - ПОЛЕ КОДИРОВАННЫХ ДАННЫХ: ТЕКСТОВЫЕ МАТЕРИАЛЫ, МОНОГРАФИЧЕСКИЕ
Кодированные данные о монографическом текстовом документе ab z 000yy
181 #0 - ПОЛЕ КОДИРОВАННЫХ ДАННЫХ: ВИД СОДЕРЖАНИЯ
Код вида содержания (ISBD) i3
Код характеристики содержания (ISBD) axxe
181 #0 - ПОЛЕ КОДИРОВАННЫХ ДАННЫХ: ВИД СОДЕРЖАНИЯ
Код вида содержания (ISBD) b2
Код характеристики содержания (ISBD) xb2e
182 #0 - ПОЛЕ КОДИРОВАННЫХ ДАННЫХ: ТИП СРЕДСТВА
Код типа средства (ISBD) n - непосредственное
200 1# - ЗАГЛАВИЕ И СВЕДЕНИЯ ОБ ОТВЕТСТВЕННОСТИ
Основное заглавие Китайские мифы
Сведения, относящиеся к заглавию от Царя обезьян и Нефритового императора до небесных драконов и духов стихий
Первые сведения об ответственности Тао Тао Лю
Последующие сведения об ответственности перевод с английского Василия Горохова
203 ## - ВИД СОДЕРЖАНИЯ И ТИП СРЕДСТВА
Вид содержания Текст
-- Изображение
Дополнительные сведения об издании визуальные
Тип средства непосредственные
210 ## - ПУБЛИКАЦИЯ, РАСПРОСТРАНЕНИЕ И ДР.
Место издания, распространения и т.д. Москва
Имя издателя, распространителя и т. д. Манн, Иванов и Фербер
Дата издания, распространения и т.д. 2023
215 ## - ФИЗИЧЕСКАЯ ХАРАКТЕРИСТИКА
Специфическое обозначение материала и объем 222, [1] с.
Другие сведения о физической характеристике цв. ил., карта
Размеры 21
225 1# - СЕРИЯ
Основное заглавие серии Мифы от и до
330 ## - РЕЗЮМЕ ИЛИ РЕФЕРАТ
Текст примечания Величественные драконы, божественные императоры, духи гор, рек и морей... Более двух тысяч лет назад китайцы рассказывали истории, по сложности сопоставимые с мифами Древней Греции, но совсем не похожие на них. Переплетаясь с другими религиями и учениями - даосизмом, конфуцианством, буддизмом, - древние китайские мифы менялись и обрастали новыми мотивами и сюжетами. Несмотря на все перемены, эти легенды никогда не умирали и продолжают удивлять до сих пор
333 ## - ПРИМЕЧАНИЯ ОБ ОСОБЕННОСТЯХ РАСПРОСТРАНЕНИЯ И ИСПОЛЬЗОВАНИЯ
Текст примечания 16+
606 ## - НАИМЕНОВАНИЕ ТЕМЫ КАК ПРЕДМЕТ
Наименование темы Мифология китайская
Системный номер авторитетной/нормативной записи 1338112
Идентификатор авторитетной/нормативной записи RU\NLR\AUTH\66557434
606 1# - НАИМЕНОВАНИЕ ТЕМЫ КАК ПРЕДМЕТ
Наименование темы Мифы китайские
Системный номер авторитетной/нормативной записи 1338114
Идентификатор авторитетной/нормативной записи RU\NLR\AUTH\66557435
675 ## - УНИВЕРСАЛЬНАЯ ДЕСЯТИЧНАЯ КЛАССИФИКАЦИЯ (UDC/УДК)
Индекс 398.2(510)
Издание 4
686 1# - ИНДЕКСЫ ДРУГИХ КЛАССИФИКАЦИЙ
Индекс Э319.1(5Кит)
686 1# - ИНДЕКСЫ ДРУГИХ КЛАССИФИКАЦИЙ
Индекс Ш3(54Кит)-60
700 #0 - ИМЯ ЛИЦА - ПЕРВИЧНАЯ ОТВЕТСТВЕННОСТЬ
Начальный элемент ввода Тао Тао Лю
856 4# - МЕСТОНАХОЖДЕНИЕ ЭЛЕКТРОННЫХ РЕСУРОВ И ДОСТУП К НИМ
Тип электронного формата (Electronic Format Type) application/pdf
Размер файла (File size) [226] с.
Универсальный идентификатор ресурса (Uniform Resource Identifier) http://dlib.rsl.ru/rsl01012000000/rsl01012414000/rsl01012414517/rsl01012414517.pdf
Тип доступа (Access method) Читать
942 ## - ДОПОЛНИТЕЛЬНЫЕ ЭЛЕМЕНТЫ ЗАПИСИ (АБИС)
Тип экземпляра АБИС Книга
980 ## - КОЛЛЕКЦИЯ
Название коллекции Национальная библиография
Экземпляры
Тип экземпляра Дата поступления Источник поступления Библиотека постоянного хранения Библиотека текущего хранения Место хранения Шифр хранения Штрих-код Статус экземпляра
Книга 23.01.2024 Обязательный экземпляр РНБ (Московский) РНБ (Московский) Русский книжный фонд: издания с 1957 года 2024-3/990 1-4442475  
Книга 23.01.2024 Обязательный экземпляр РНБ (Московский) РНБ (Московский) Русский книжный фонд: издания с 1957 года 2024-3/990 1-4442476